UGC CBSE-NET/SET/SLET, Paper 1 : (Record no. 51289)

MARC details
000 -LEADER
fixed length control field 00737nam a2200229Ia 4500
005 - DATE AND TIME OF LATEST TRANSACTION
control field 20260429111904.0
008 - FIXED-LENGTH DATA ELEMENTS--GENERAL INFORMATION
fixed length control field 260429s9999||||xx |||||||||||||| ||und||
020 ## - INTERNATIONAL STANDARD BOOK NUMBER
International Standard Book Number 9788184846850
041 ## - LANGUAGE CODE
Language English
082 ## - DEWEY DECIMAL CLASSIFICATION NUMBER
Classification number 378.076
Item number BAL
100 ## - MAIN ENTRY--PERSONAL NAME
Personal name Balasubramain, P
245 #0 - TITLE STATEMENT
Title UGC CBSE-NET/SET/SLET, Paper 1 :
Remainder of title national eligibility test state eligibility test state level eligibility test JRF and lectureship eligibility /
Statement of responsibility, etc P Balasubramain
260 ## - PUBLICATION, DISTRIBUTION, ETC. (IMPRINT)
Place of publication, distribution, etc New Delhi :
Name of publisher, distributor, etc Regal Publications,
Date of publication, distribution, etc 2018.
300 ## - PHYSICAL DESCRIPTION
Extent xxiii, 486 p.; hb
650 ## - SUBJECT ADDED ENTRY--TOPICAL TERM
Topical term or geographic name as entry element Competitive examinations
650 ## - SUBJECT ADDED ENTRY--TOPICAL TERM
Topical term or geographic name as entry element Research aptitude
650 ## - SUBJECT ADDED ENTRY--TOPICAL TERM
Topical term or geographic name as entry element Teaching aptitude
650 ## - SUBJECT ADDED ENTRY--TOPICAL TERM
Topical term or geographic name as entry element UGC NET
700 ## - ADDED ENTRY--PERSONAL NAME
Personal name Bindhu, S
700 ## - ADDED ENTRY--PERSONAL NAME
Personal name Periasamy, R
942 ## - ADDED ENTRY ELEMENTS (KOHA)
Koha item type Text Books
Holdings
Withdrawn status Lost status Damaged status Not for loan Collection code Home library Location Shelving location Date of Cataloging Source of acquisition Total Checkouts Full call number Barcode Date last seen Price effective from Koha item type
        Non-fiction CUTN Central Library CUTN Central Library Social Sciences 29/04/2026 Kiran Book Centre, Bengaluru - Invoice No. 301/25-26 on 11-02-2026   378.076 BAL 56222 29/04/2026 29/04/2026 Text Books